[Event "XI Festival Magistrale"]
[Site "Celle Ligure ITA"]
[Date "1996.03.??"]
[Round "9"]
[White "Cazzaniga, Walter"]
[Black "Cirabisi, Federico"]
[Result "1-0"]
[WhiteElo "2190"]
[BlackElo "2205"]
[PlyCount "93"]
[EventDate "1996.03.30"]

1. d4 d5 2. Nf3 Nc6 3. Bf4 Bg4 4. Nbd2 Nf6 5. h3 Bf5 6. c3 e6 7. Qa4 Bd6 8. Ne5
Bxe5 9. Bxe5 O-O 10. Bh2 Nd7 11. Nf3 Nb6 12. Qd1 f6 13. e3 e5 14. Be2 e4 15.
Nd2 Be6 16. Qc2 a5 17. O-O-O a4 18. f3 f5 19. g4 Na5 20. Rdg1 Rc8 21. gxf5 Bxf5
22. Be5 Rf7 23. fxe4 dxe4 24. Bg4 Bxg4 25. Rxg4 Qd5 26. Rhg1 Qxa2 27. Rxg7+
Rxg7 28. Rxg7+ Kf8 29. Qxe4 a3 30. Qf5+ Ke8 31. Qh5+ Kf8 32. Qf5+ Ke8 33. bxa3
Nb3+ 34. Nxb3 Qxb3 35. Qh5+ Kf8 36. Qf5+ Ke8 37. Qh5+ Kf8 38. Qf5+ Ke8 39. Qc2
Qxa3+ 40. Qb2 Qa6 41. Qg2 Qa1+ 42. Kc2 Qa4+ 43. Kd3 Qb5+ 44. Ke4 Qb1+ 45. Kf3
Nd7 46. Rg8+ Nf8 47. Rxf8+ 1-0

[Event "XI Festival Magistrale"]
[Site "Celle Ligure ITA"]
[Date "1996.03.??"]
[Round "9"]
[White "D'Apa, Stefano"]
[Black "Escofet, Jaime"]
[Result "1-0"]
[WhiteElo "2210"]
[BlackElo "2215"]
[PlyCount "33"]
[EventDate "1996.03.30"]

1. d4 Nf6 2. Nf3 g6 3. Bf4 c5 4. c3 cxd4 5. cxd4 Bg7 6. Nc3 d6 7. e4 a6 8. Be2
O-O 9. O-O Nbd7 10. Qd2 b6 11. Rfd1 Qc7 12. e5 Ne8 13. Rac1 Bb7 14. exd6 exd6
15. Nb5 Qb8 16. Nxd6 Nxd6 17. Qb4 1-0

[Event "XI Festival Magistrale"]
[Site "Celle Ligure ITA"]
[Date "1996.03.??"]
[Round "9"]
[White "Marinescu, Marian"]
[Black "Hitzgerova, Gabriela"]
[Result "0-1"]
[WhiteElo "2140"]
[BlackElo "2155"]
[PlyCount "72"]
[EventDate "1996.03.30"]

1. d4 Nf6 2. g3 g6 3. Bg2 Bg7 4. e4 d6 5. Ne2 O-O 6. Nbc3 c6 7. a4 e5 8. O-O
Qc7 9. h3 Rd8 10. Be3 Nbd7 11. a5 Nf8 12. Qd2 Be6 13. Kh2 Bc4 14. f4 Ne6 15.
Rf2 exd4 16. Nxd4 Re8 17. Ra4 Ba6 18. Nb3 Qe7 19. Rf3 Nc7 20. Qf2 Nb5 21. e5
dxe5 22. Bc5 Qe6 23. fxe5 Qxe5 24. Re3 Qc7 25. Ne4 Nxe4 26. Raxe4 Rxe4 27. Rxe4
Bf8 28. c4 Nd6 29. Qf4 Qb8 30. Bxd6 Qxd6 31. Qe3 Qf6 32. Rf4 Qxb2 33. Qf3 Qg7
34. h4 Rd8 35. Qf2 Rd3 36. Nd2 Bd6 0-1

[Event "XI Festival Magistrale"]
[Site "Celle Ligure ITA"]
[Date "1996.03.??"]
[Round "9"]
[White "Sbarra, Marco"]
[Black "Cugini, Verter"]
[Result "1-0"]
[WhiteElo "2280"]
[BlackElo "2260"]
[PlyCount "105"]
[EventDate "1996.03.30"]

1. d4 d6 2. c4 e5 3. Nf3 Bg4 4. dxe5 Bxf3 5. gxf3 dxe5 6. Qxd8+ Kxd8 7. e3 c6
8. Bd2 Nd7 9. Bc3 Kc7 10. Rg1 f6 11. Nd2 Rd8 12. Ne4 Ne7 13. Ba5+ b6 14. Bc3
Ng6 15. b4 Be7 16. a4 Rhe8 17. Kd2 Nc5+ 18. Kc2 Nxe4 19. fxe4 Bf8 20. Be2 Ne7
21. h4 Nc8 22. a5 Nd6 23. Bd3 b5 24. c5 Nf7 25. Kd2 Kd7 26. Ke2 Ke7 27. Bc2 g6
28. f4 Bh6 29. Rac1 Rd7 30. Bb3 exf4 31. exf4 Red8 32. Bc2 Rf8 33. Rg3 Nd8 34.
e5 fxe5 35. Bxe5 Nf7 36. Bc3 Re8 37. Re3+ Kf8 38. Rxe8+ Kxe8 39. Kf3 Nd8 40.
Re1+ Kf8 41. Be5 Nf7 42. Bf6 Bg7 43. Re6 Nd8 44. Bxd8 Rxd8 45. Rxc6 Bc3 46. a6
Bxb4 47. Rc7 Kg8 48. Bb3+ Kh8 49. Ke4 Re8+ 50. Kd5 Re3 51. Rxa7 Rxb3 52. Rb7
Rd3+ 53. Kc6 1-0

[Event "XI Corsicoscacchi B"]
[Site "Corsico ITA"]
[Date "1996.04.??"]
[Round "1"]
[White "Saccani, Ettore"]
[Black "De Francisci, Lorenzo"]
[Result "1-0"]
[WhiteElo "1573"]
[BlackElo "1585"]
[PlyCount "71"]
[EventDate "1996.04.24"]

1. e4 e5 2. Nf3 Nc6 3. Bb5 a6 4. Ba4 b5 5. Bb3 Nf6 6. O-O d6 7. Ng5 Bg4 8. f3
Bh5 9. d3 h6 10. Nh3 Be7 11. c3 O-O 12. Be3 Na5 13. Bc2 c5 14. Nd2 d5 15. Qe1
d4 16. Bf2 Nd7 17. Nb3 Rc8 18. Rc1 f6 19. cxd4 Nxb3 20. Bxb3+ Kh8 21. d5 Nb8
22. Be3 g5 23. Qg3 a5 24. a3 Na6 25. Nf2 a4 26. Ba2 b4 27. Ng4 Kg7 28. Bc4 Qa5
29. f4 exf4 30. Bxf4 gxf4 31. Qxf4 Bxg4 32. Qxg4+ Kh7 33. Qf5+ Kg7 34. Rf3 Bd6
35. Qd7+ Kg6 36. Qxd6 1-0

[Event "XI Corsicoscacchi B"]
[Site "Corsico ITA"]
[Date "1996.04.??"]
[Round "3"]
[White "Saccani, Ettore"]
[Black "Ronconi, Fausto"]
[Result "1/2-1/2"]
[WhiteElo "1573"]
[BlackElo "1600"]
[PlyCount "108"]
[EventDate "1996.04.24"]

1. e4 e6 2. d4 d5 3. Nc3 Bb4 4. Nge2 c5 5. a3 Bxc3+ 6. Nxc3 dxe4 7. Bb5+ Nc6 8.
Be3 Nge7 9. Nxe4 O-O 10. Bxc6 cxd4 11. Bxd4 bxc6 12. O-O Nf5 13. Bc3 Qb6 14.
Qg4 Kh8 15. Nf6 Qd8 16. Nh5 f6 17. Rad1 Qe7 18. Rfe1 e5 19. Qf3 Qf7 20. Ng3
Nxg3 21. Qxg3 Bb7 22. Rd6 Rfd8 23. Qd3 Rxd6 24. Qxd6 h6 25. Rd1 Qe8 26. Qc7 Qc8
27. Qf7 Ba6 28. Rd7 Qg8 29. Rxa7 Rxa7 30. Qxa7 Qc4 31. h3 Bb5 32. Qe3 Qf1+ 33.
Kh2 Bc4 34. Bb4 Bd5 35. f3 Qd1 36. Qd2 Qf1 37. b3 Qa6 38. c4 Bg8 39. a4 Qb6 40.
Qc3 Qb8 41. Kg1 Qe8 42. Ba5 e4 43. Qe3 Qe5 44. Bc3 Qb8 45. Bd4 exf3 46. Qxf3
Qb4 47. Qc3 Qd6 48. b4 Qe6 49. c5 Qc4 50. b5 cxb5 51. Qxc4 Bxc4 52. a5 b4 53.
Kf2 Kg8 54. Ke3 Kf7 1/2-1/2

[Event "XI Corsicoscacchi B"]
[Site "Corsico ITA"]
[Date "1996.04.??"]
[Round "4"]
[White "Bruno, Fabrizio P."]
[Black "Saccani, Ettore"]
[Result "1-0"]
[WhiteElo "1663"]
[BlackElo "1573"]
[PlyCount "73"]
[EventDate "1996.04.24"]

1. e4 e6 2. d4 d5 3. Nc3 Bb4 4. e5 c5 5. Bd2 cxd4 6. Nb5 Bxd2+ 7. Qxd2 Nc6 8.
f4 Qb6 9. Nf3 Nge7 10. Nd6+ Kf8 11. O-O-O Bd7 12. Bd3 Nc8 13. Nxc8 Rxc8 14. Kb1
Nb4 15. a3 Nxd3 16. Qxd3 Rc4 17. Nxd4 Ke7 18. f5 Rhc8 19. fxe6 fxe6 20. Qe3 Kd8
21. Rhf1 Kc7 22. Rf7 Rd8 23. Rxg7 Kb8 24. c3 Ba4 25. Rf1 Rc7 26. Rxc7 Kxc7 27.
Qh6 Qa6 28. Rf3 Rd7 29. Qxe6 Qc4 30. Qf5 Re7 31. Qf6 Rd7 32. e6 Rd6 33. Qf7+
Kb6 34. e7 Rg6 35. g3 Qc8 36. Qxd5 Qe8 37. Qd8+ 1-0

[Event "XI Corsicoscacchi B"]
[Site "Corsico ITA"]
[Date "1996.04.??"]
[Round "5"]
[White "Saccani, Ettore"]
[Black "Bosi, Franco"]
[Result "1-0"]
[WhiteElo "1573"]
[BlackElo "1624"]
[PlyCount "33"]
[EventDate "1996.04.24"]

1. e4 c5 2. c3 e6 3. d4 d5 4. e5 Nc6 5. Nf3 Qb6 6. Bd3 Bd7 7. Bc2 cxd4 8. cxd4
Nb4 9. O-O Nxc2 10. Qxc2 Ne7 11. Nc3 Nf5 12. Rd1 h6 13. Rd3 Rc8 14. Qd1 Bb4 15.
Bd2 Bb5 16. Nxb5 Qxb5 17. Rb3 1-0

[Event "XI Corsicoscacchi B"]
[Site "Corsico ITA"]
[Date "1996.04.??"]
[Round "6"]
[White "Saccani, Ettore"]
[Black "Pulvirenti, Gianni"]
[Result "1-0"]
[WhiteElo "1573"]
[BlackElo "1642"]
[PlyCount "69"]
[EventDate "1996.04.24"]

1. e4 g6 2. d4 Bg7 3. Nf3 d6 4. Nc3 Nf6 5. Bc4 O-O 6. Bb3 c5 7. Be3 cxd4 8.
Nxd4 Nc6 9. Qd2 Qa5 10. O-O-O Bd7 11. f3 Rfc8 12. g4 Ne5 13. h4 Nc4 14. Bxc4
Rxc4 15. Nb3 Qa6 16. h5 Rac8 17. hxg6 Rxc3 18. bxc3 Qa3+ 19. Kb1 fxg6 20. Bd4
Rc6 21. Qc1 Qa4 22. g5 Nh5 23. Bxg7 Nxg7 24. Rd4 Qa6 25. Qe3 Ne6 26. Rd5 b6 27.
e5 Qc8 28. Kb2 a5 29. Nd4 Rc4 30. exd6 Nxd4 31. Rxd4 exd6 32. Rxd6 a4 33. a3
Bf5 34. Qe7 Rb4+ 35. Kc1 1-0

[Event "XI Corsicoscacchi FIDE"]
[Site "Corsico ITA"]
[Date "1996.04.??"]
[Round "1"]
[White "Barlocco, Carlo"]
[Black "Cebalo, Miso"]
[Result "1/2-1/2"]
[WhiteElo "2170"]
[BlackElo "2495"]
[PlyCount "88"]
[EventDate "1996.04.24"]

1. d4 Nf6 2. Nf3 c5 3. c3 e6 4. Bf4 b6 5. e3 Bb7 6. Nbd2 cxd4 7. exd4 Be7 8.
Bd3 d6 9. h3 Nbd7 10. O-O O-O 11. Re1 a6 12. Qe2 Re8 13. Ng5 Bf8 14. Nge4 Qc7
15. Nxf6+ Nxf6 16. Ne4 Nxe4 17. Bxe4 b5 18. Bxb7 Qxb7 19. Qd3 d5 20. Qg3 b4 21.
b3 bxc3 22. Rec1 Rec8 23. Rxc3 Rxc3 24. Qxc3 Rc8 25. Qa5 Bb4 26. Qa4 f6 27. Rc1
Rxc1+ 28. Bxc1 Kf7 29. Ba3 a5 30. Bxb4 axb4 31. a3 bxa3 32. Qxa3 Qb6 33. Qa4
Ke7 34. Kf1 e5 35. dxe5 fxe5 36. Ke2 Kd6 37. b4 e4 38. Qe8 Qd4 39. Qb8+ Ke6 40.
Qe8+ Kf6 41. Qf8+ Kg6 42. g4 Qd3+ 43. Ke1 Qc3+ 44. Ke2 Qd3+ 1/2-1/2

[Event "XI Corsicoscacchi FIDE"]
[Site "Corsico ITA"]
[Date "1996.04.??"]
[Round "1"]
[White "Benvenuti, Carlo"]
[Black "Braunberger, Federico"]
[Result "0-1"]
[WhiteElo "2200"]
[BlackElo "2120"]
[PlyCount "128"]
[EventDate "1996.04.24"]

1. Nf3 e6 2. b3 f5 3. Bb2 Nf6 4. e3 d5 5. Ne5 Bd6 6. Be2 O-O 7. O-O Nbd7 8.
Nxd7 Bxd7 9. f4 c5 10. Qe1 b5 11. Nc3 b4 12. Nd1 a5 13. a4 Rc8 14. Ba6 Rb8 15.
Be2 Qe7 16. Nf2 Rbc8 17. c4 bxc3 18. Bxc3 Rb8 19. Bxa5 Rxb3 20. Bd1 Rb7 21. Nd3
Ra8 22. Bc3 Ne4 23. Be5 Rba7 24. Nb2 c4 25. Bd4 Bc5 26. Be5 Bb4 27. Rf2 Nxf2
28. Qxf2 Ba3 29. Bf3 Bxb2 30. Bxb2 Rb7 31. Bd4 Rxa4 32. Re1 Rab4 33. h3 Rb1 34.
Bd1 Rc1 35. Bf3 Rxe1+ 36. Qxe1 Ba4 37. Kh2 h6 38. Qa1 Be8 39. Qa8 Kh7 40. Qa1
Qd7 41. Qa3 Bg6 42. h4 Qe7 43. Qxe7 Rxe7 44. Kg1 Rb7 45. Kf2 Be8 46. Ke2 Ba4
47. Kf2 Rb1 48. g3 Bc2 49. Bc3 Bd1 50. Bg2 Kg8 51. Bf1 Kf7 52. Bg2 Bg4 53. Bf1
g6 54. Bd4 Ke7 55. d3 Rc1 56. Bc5+ Kd7 57. dxc4 dxc4 58. Ba3 Rc2+ 59. Ke1 Kc6
60. h5 gxh5 61. Bf8 Kb5 62. Bxh6 Kb4 63. Bf8+ Kb3 64. Bd6 Rb2 0-1

[Event "XI Corsicoscacchi FIDE"]
[Site "Corsico ITA"]
[Date "1996.04.??"]
[Round "1"]
[White "Cazzaniga, Walter"]
[Black "Tencati, Giuseppe"]
[Result "1-0"]
[WhiteElo "2190"]
[BlackElo "2080"]
[PlyCount "87"]
[EventDate "1996.04.24"]

1. d4 d5 2. c4 c6 3. Nf3 Nf6 4. Nc3 e6 5. cxd5 cxd5 6. Bf4 a6 7. e3 Nbd7 8. Bd3
b5 9. Rc1 Bb7 10. O-O Rc8 11. a4 b4 12. Qb3 Nh5 13. Bg5 Qb6 14. Ne2 Rxc1 15.
Rxc1 Bd6 16. Qc2 Nhf6 17. e4 dxe4 18. Bxe4 Bxe4 19. Qxe4 O-O 20. Qc6 Qb8 21.
Qxa6 Nd5 22. Qc6 N7b6 23. a5 Rc8 24. Qb5 Rxc1+ 25. Nxc1 Na8 26. Qc6 h6 27. Bd2
Qd8 28. Nd3 Nac7 29. h3 Kf8 30. Nfe5 Ne7 31. Nd7+ Ke8 32. Qxd6 Qxd7 33. Bxb4
Qxd6 34. Bxd6 Nb5 35. Bc5 Nc6 36. a6 Kd7 37. Ne5+ Nxe5 38. dxe5 Kc6 39. a7 Nc7
40. Bd6 Na8 41. Bf8 Kb7 42. Bxg7 h5 43. g4 hxg4 44. h4 1-0

[Event "XI Corsicoscacchi FIDE"]
[Site "Corsico ITA"]
[Date "1996.04.??"]
[Round "1"]
[White "D'Amore, Emanuele"]
[Black "Astengo, Corrado"]
[Result "1-0"]
[WhiteElo "2220"]
[BlackElo "2130"]
[PlyCount "80"]
[EventDate "1996.04.24"]

1. e4 c5 2. Nf3 d6 3. d3 Nc6 4. g3 g6 5. Bg2 Bg7 6. O-O e6 7. Re1 Nge7 8. c3
O-O 9. Nbd2 Rb8 10. Nb3 b5 11. d4 b4 12. cxb4 cxd4 13. Nfxd4 Nxd4 14. Nxd4 Rxb4
15. Nc2 Rb6 16. Rb1 Bb7 17. b3 d5 18. Ba3 d4 19. Bc5 Ra6 20. a4 e5 21. Nb4 Ra5
22. Nd3 Ra6 23. b4 Re8 24. b5 Re6 25. Bxa7 Qa8 26. Bc5 f5 27. Qb3 Nc8 28. f3
Kh8 29. Bb4 fxe4 30. fxe4 Bh6 31. Nc5 Rf6 32. Nxb7 Qxb7 33. Rf1 Be3+ 34. Kh1
Ree6 35. Qd5 Qxd5 36. exd5 Rb6 37. Bc5 Rxf1+ 38. Rxf1 Rb8 39. Rf6 Kg7 40. Be4
d3 1-0

[Event "XI Corsicoscacchi FIDE"]
[Site "Corsico ITA"]
[Date "1996.04.??"]
[Round "1"]
[White "Mione, Dario"]
[Black "Ubezio, Marco"]
[Result "1/2-1/2"]
[WhiteElo "2086"]
[BlackElo "2190"]
[PlyCount "97"]
[EventDate "1996.04.24"]

1. e4 c5 2. b4 cxb4 3. d4 d5 4. exd5 Qxd5 5. c4 bxc3 6. Nxc3 Qa5 7. Bd2 e5 8.
Bb5+ Bd7 9. Qe2 Bb4 10. Rc1 Ne7 11. Nf3 O-O 12. Bxd7 Nxd7 13. Nxe5 Nxe5 14.
Qxe5 Qxe5+ 15. dxe5 Rac8 16. O-O Rfd8 17. Bg5 Kf8 18. Bxe7+ Bxe7 19. Ne4 Ke8
20. g3 Rxc1 21. Rxc1 Rd4 22. f3 Rd5 23. Rc7 Rxe5 24. Rxb7 f5 25. Nc3 Rc5 26.
Na4 Ra5 27. Nc3 Rc5 28. Na4 Ra5 29. Nc3 Ra3 30. Rb3 Rxb3 31. axb3 Kd7 32. Kf2
Kc6 33. Ke3 Bf6 34. Ne2 Kc5 35. Kd3 Be5 36. f4 Bb2 37. Ng1 Kb4 38. Kc2 Bf6 39.
Nf3 g6 40. Ng5 h6 41. Ne6 Be7 42. h3 h5 43. h4 Bc5 44. Nxc5 Kxc5 45. Kc3 a5 46.
Kd3 Kd5 47. Ke3 Kc5 48. Kd3 Kb4 49. Kc2 1/2-1/2

[Event "XI Corsicoscacchi FIDE"]
[Site "Corsico ITA"]
[Date "1996.04.??"]
[Round "1"]
[White "Mordiglia, Riccardo"]
[Black "Cappello, Guido"]
[Result "1-0"]
[WhiteElo "2085"]
[BlackElo "2195"]
[PlyCount "105"]
[EventDate "1996.04.24"]

1. e4 e6 2. d4 d5 3. e5 c5 4. c3 Ne7 5. Nf3 Nbc6 6. Be2 Nf5 7. Na3 cxd4 8. cxd4
Bb4+ 9. Kf1 O-O 10. Nc2 Be7 11. Rb1 a5 12. b3 Bd7 13. g3 Rc8 14. Kg2 Na7 15. g4
Nh4+ 16. Nxh4 Bxh4 17. f4 Nb5 18. Bb2 f6 19. Qd2 fxe5 20. dxe5 g5 21. f5 Bc6
22. Bxb5 Bxb5 23. Nd4 Bd7 24. fxe6 Rf2+ 25. Qxf2 Bxf2 26. exd7 Qxd7 27. e6 Qd6
28. Kxf2 Qf4+ 29. Ke2 Qxg4+ 30. Kd3 Qe4+ 31. Kd2 Rf8 32. Rbe1 Qf4+ 33. Kc2 Re8
34. h4 g4 35. Rhf1 Qh2+ 36. Kb1 Qxh4 37. Nf5 Qg5 38. Bc1 Qg6 39. e7 h5 40. Ka1
b5 41. Nh6+ Kg7 42. Rf7+ Qxf7 43. Nxf7 Kxf7 44. Bg5 Rg8 45. Bh4 Ke8 46. Rf1 g3
47. Rf8+ Rxf8 48. exf8=Q+ Kxf8 49. Bxg3 Ke7 50. Kb2 h4 51. Bxh4+ Kd6 52. Kc3
Ke5 53. Kd3 1-0

[Event "XI Corsicoscacchi FIDE"]
[Site "Corsico ITA"]
[Date "1996.04.??"]
[Round "1"]
[White "Rossi, Giampiero"]
[Black "Natalucci, Fabrizio"]
[Result "1-0"]
[WhiteElo "2130"]
[BlackElo "2220"]
[PlyCount "63"]
[EventDate "1996.04.24"]

1. d4 f5 2. Bg5 d5 3. e3 Nf6 4. Bxf6 exf6 5. Bd3 Be6 6. Ne2 Qd7 7. c3 Nc6 8.
Qc2 Bd6 9. Nd2 g6 10. O-O Kf7 11. Rfe1 Rhe8 12. Nf4 Kg7 13. Nxe6+ Rxe6 14. Nf3
Rae8 15. g3 Ne7 16. Qb3 c6 17. c4 Bb8 18. c5 Ng8 19. Qc3 Nh6 20. b4 Ng4 21.
Rab1 h5 22. b5 R6e7 23. Rb3 f4 24. bxc6 bxc6 25. exf4 h4 26. Rxe7+ Qxe7 27.
Nxh4 f5 28. Qd2 Rh8 29. Bxf5 Nxh2 30. Nxg6 Qf7 31. Nxh8 Qxf5 32. Kxh2 1-0

[Event "XI Corsicoscacchi FIDE"]
[Site "Corsico ITA"]
[Date "1996.04.??"]
[Round "1"]
[White "Spinelli, Doriano"]
[Black "Sbarra, Marco"]
[Result "0-1"]
[WhiteElo "2170"]
[BlackElo "2280"]
[PlyCount "146"]
[EventDate "1996.04.24"]

1. e4 e5 2. Nf3 d6 3. d4 Nf6 4. Nc3 Nbd7 5. Bc4 Be7 6. O-O O-O 7. Qe2 exd4 8.
Nxd4 Ne5 9. h3 Nxc4 10. Qxc4 Nxe4 11. Nxe4 d5 12. Qd3 dxe4 13. Qxe4 Bf6 14. Ne2
Re8 15. Qf3 Bd7 16. Nc3 Bc6 17. Qg4 Re6 18. Qc4 Qd4 19. Qxd4 Bxd4 20. Be3 Bxe3
21. fxe3 Rxe3 22. Rae1 Rxe1 23. Rxe1 Rd8 24. Re2 Kf8 25. Kf2 Rd6 26. a3 Rf6+
27. Kg1 Re6 28. Rd2 Re5 29. Kf2 Ke7 30. Ne2 g5 31. Nd4 Bd7 32. Nf3 Rf5 33. Ke3
h6 34. Ke4 Rf4+ 35. Ke3 Rf6 36. Ne5 Be8 37. Nd3 Re6+ 38. Kf2 Rd6 39. Re2+ Kf8
40. Ne5 Re6 41. Re3 Ke7 42. Ng4 h5 43. Nh6 Rxe3 44. Kxe3 Ke6 45. h4 gxh4 46.
Kf4 Bc6 47. Nf5 Bxg2 48. Nxh4 Bh3 49. Nf3 Bg4 50. Ng5+ Ke7 51. c3 f5 52. Kg3 a5
53. b4 axb4 54. cxb4 Kd7 55. Nf7 Ke7 56. Ne5 Kd6 57. Nd3 Kd5 58. Nc5 b6 59. Na6
c6 60. a4 Ke4 61. a5 bxa5 62. bxa5 Ke3 63. Nb4 f4+ 64. Kh2 Bf3 65. Nc2+ Kd2 66.
Nd4 Bd5 67. a6 c5 68. Nb5 c4 69. Nd4 c3 70. a7 c2 71. Nb3+ Kd1 72. a8=Q Bxa8
73. Nc1 Kxc1 0-1

[Event "XI Corsicoscacchi FIDE"]
[Site "Corsico ITA"]
[Date "1996.04.??"]
[Round "1"]
[White "Vismara, Daniele"]
[Black "Vicari, Luigi"]
[Result "1-0"]
[WhiteElo "2235"]
[BlackElo "2155"]
[PlyCount "51"]
[EventDate "1996.04.24"]

1. e4 e5 2. Nf3 d6 3. d4 Nd7 4. Bc4 c6 5. a4 Be7 6. O-O Ngf6 7. Nc3 O-O 8. Qe2
Qc7 9. Rd1 exd4 10. Nxd4 Re8 11. f3 d5 12. Ba2 Bd6 13. g3 dxe4 14. fxe4 Nc5 15.
Ncb5 cxb5 16. Nxb5 Rxe4 17. Nxc7 Rxe2 18. Rxd6 Bh3 19. Nxa8 Rg2+ 20. Kh1 Re2
21. Rd8+ Ne8 22. Bf4 Bg2+ 23. Kg1 Bc6 24. Bd5 g5 25. Bxc6 bxc6 26. Nc7 1-0

[Event "XI Corsicoscacchi FIDE"]
[Site "Corsico ITA"]
[Date "1996.04.??"]
[Round "2"]
[White "Barberi, Alessandro"]
[Black "Rossi, Giampiero"]
[Result "1/2-1/2"]
[WhiteElo "2220"]
[BlackElo "2130"]
[PlyCount "70"]
[EventDate "1996.04.24"]

1. d4 d5 2. c4 e6 3. Nf3 Nf6 4. Bg5 c6 5. e3 Nbd7 6. Nc3 Qa5 7. Qc2 Ne4 8. cxd5
exd5 9. Bd3 Nxg5 10. Nxg5 h6 11. Nf3 Nf6 12. O-O Bd6 13. Ne5 Bxe5 14. dxe5 Ng4
15. Bf5 Nxe5 16. Bxc8 Rxc8 17. Qf5 Qc7 18. Rac1 g6 19. Qf6 O-O 20. Nxd5 Ng4 21.
Qh4 Qxh2+ 22. Qxh2 Nxh2 23. Ne7+ Kg7 24. Kxh2 Rce8 25. Nxc6 bxc6 26. Rxc6 Rb8
27. b3 Rfd8 28. Rc7 a5 29. Ra7 Rb5 30. Kg3 Rd2 31. a4 Rxb3 32. Rxa5 Ra3 33. Rc1
Raa2 34. Rf1 Ra3 35. Ra7 Rda2 1/2-1/2

[Event "XI Corsicoscacchi FIDE"]
[Site "Corsico ITA"]
[Date "1996.04.??"]
[Round "2"]
[White "Barlocco, Carlo"]
[Black "Caselli, Luigi"]
[Result "1/2-1/2"]
[WhiteElo "2170"]
[BlackElo "2325"]
[PlyCount "89"]
[EventDate "1996.04.24"]

1. d4 d5 2. Nf3 e6 3. Bf4 Bd6 4. Bg3 f5 5. e3 Nf6 6. Nbd2 O-O 7. Bd3 Ne4 8. Ne5
Nd7 9. Nxd7 Bxd7 10. Bxd6 cxd6 11. O-O Qb6 12. Bxe4 fxe4 13. b3 Qd8 14. f3 exf3
15. Rxf3 Qe7 16. c4 Rxf3 17. Qxf3 Rf8 18. Qg3 Bc6 19. Re1 Rf6 20. e4 Rg6 21.
Qe3 dxe4 22. Nxe4 Qh4 23. g3 Qxe4 24. Qxe4 Bxe4 25. Rxe4 Kf7 26. Kf2 Rf6+ 27.
Rf4 e5 28. dxe5 Rxf4+ 29. gxf4 dxe5 30. Kf3 Ke6 31. Ke4 exf4 32. Kxf4 Kd6 33.
b4 Ke6 34. h4 Kf6 35. a4 a5 36. bxa5 Ke6 37. Ke4 g6 38. c5 Kd7 39. Ke5 h6 40.
a6 bxa6 41. Kf6 g5 42. hxg5 hxg5 43. Kxg5 Kc6 44. Kf4 Kxc5 45. Ke3 1/2-1/2

[Event "XI Corsicoscacchi FIDE"]
[Site "Corsico ITA"]
[Date "1996.04.??"]
[Round "2"]
[White "Braunberger, Federico"]
[Black "Vismara, Daniele"]
[Result "1-0"]
[WhiteElo "2120"]
[BlackElo "2235"]
[PlyCount "91"]
[EventDate "1996.04.24"]

1. d4 Nf6 2. Nf3 g6 3. e3 Bg7 4. Bd3 d6 5. c4 Nbd7 6. Nc3 e5 7. O-O O-O 8. dxe5
dxe5 9. e4 c6 10. b3 Nc5 11. Bc2 Bg4 12. Qxd8 Rfxd8 13. Be3 Nfd7 14. Rad1 Ne6
15. Ne2 Ndf8 16. Rxd8 Rxd8 17. Rd1 Nd4 18. Nfxd4 exd4 19. f3 Bc8 20. Bxd4 Ne6
21. Bxa7 Rxd1+ 22. Bxd1 Kf8 23. Be3 c5 24. Kf2 Ke7 25. f4 Kd6 26. e5+ Kc6 27.
Bc2 b5 28. Be4+ Kb6 29. Bd5 Ba6 30. cxb5 Bxb5 31. Nc3 Bc6 32. Bc4 Bf8 33. g4
Be7 34. g5 Ka5 35. Nd5 Bxd5 36. Bd2+ Kb6 37. Bxd5 Bd8 38. a4 Ka6 39. Bc4+ Kb7
40. Ke3 Bb6 41. Ke4 Kc6 42. Bb5+ Kc7 43. Be3 Kd8 44. b4 Kc7 45. a5 Ba7 46. Bc4
1-0

[Event "XI Corsicoscacchi FIDE"]
[Site "Corsico ITA"]
[Date "1996.04.??"]
[Round "2"]
[White "Cappello, Guido"]
[Black "Caruso, Daniele"]
[Result "0-1"]
[WhiteElo "2195"]
[BlackElo "2145"]
[PlyCount "84"]
[EventDate "1996.04.24"]

1. Nc3 d5 2. d4 Bf5 3. e4 dxe4 4. f3 exf3 5. Qxf3 Qc8 6. Bc4 e6 7. Nge2 Nf6 8.
O-O c6 9. Bg5 Nbd7 10. Ng3 Bg6 11. h4 h5 12. Rae1 Bb4 13. Nf5 Bxf5 14. Qxf5 O-O
15. Qd3 Qc7 16. a3 Bd6 17. Ne4 Bh2+ 18. Kh1 Ng4 19. Be7 Nde5 20. dxe5 Qxe7 21.
Ng5 g6 22. Rxf7 Qxf7 23. Nxf7 Nf2+ 24. Kxh2 Nxd3 25. Bxd3 Kxf7 26. Re3 Rg8 27.
Rf3+ Ke7 28. Rg3 Rg7 29. Be2 Rag8 30. Rb3 Kd8 31. Rd3+ Kc7 32. Rd6 Re8 33. Bc4
g5 34. Bxe6 gxh4 35. Bh3 Rxe5 36. Rd4 Re2 37. Rc4 b5 38. Rc5 Kb6 39. b4 Re3 40.
c3 Rgg3 41. Rxh5 Rxc3 42. Rh7 Rg8 0-1

[Event "XI Corsicoscacchi FIDE"]
[Site "Corsico ITA"]
[Date "1996.04.??"]
[Round "2"]
[White "Cebalo, Miso"]
[Black "Mione, Dario"]
[Result "1-0"]
[WhiteElo "2495"]
[BlackElo "2086"]
[PlyCount "67"]
[EventDate "1996.04.24"]

1. d4 d6 2. Nf3 Bg4 3. e4 Nf6 4. Nc3 e6 5. h3 Bh5 6. g4 Bg6 7. Qe2 c6 8. h4 h5
9. g5 Nfd7 10. d5 e5 11. Bh3 Be7 12. Be3 O-O 13. Nd2 Qe8 14. Nf1 cxd5 15. exd5
Na6 16. Ng3 f5 17. gxf6 Nxf6 18. O-O-O Nb4 19. Be6+ Kh8 20. Rd2 a5 21. Rg1 Bd8
22. a3 Na6 23. Nf5 Nxd5 24. Bxd5 Bxf5 25. Bxb7 Nc7 26. Bxa8 Nxa8 27. Rxd6 Bxh4
28. Bg5 Bxg5+ 29. Rxg5 g6 30. Qd2 Kg7 31. Nd5 a4 32. Ne3 Qc8 33. Nxf5+ Rxf5 34.
Rdxg6+ 1-0

[Event "XI Corsicoscacchi FIDE"]
[Site "Corsico ITA"]
[Date "1996.04.??"]
[Round "2"]
[White "Mordiglia, Riccardo"]
[Black "D'Amore, Emanuele"]
[Result "1-0"]
[WhiteElo "2085"]
[BlackElo "2220"]
[PlyCount "59"]
[EventDate "1996.04.24"]

1. e4 e6 2. d4 d5 3. e5 c5 4. c3 Nc6 5. Nf3 Qb6 6. Be2 Nge7 7. Na3 cxd4 8. cxd4
Nf5 9. Nc2 Be7 10. O-O Bd7 11. Kh1 Rc8 12. Bd3 Ncxd4 13. Nfxd4 Nxd4 14. Be3
Rxc2 15. Bxc2 Bc5 16. b4 Qxb4 17. Rb1 Qc3 18. Rxb7 Nc6 19. Ba4 Bxe3 20. fxe3
Qxe5 21. Qc2 Qd6 22. Rc1 O-O 23. Bxc6 Rc8 24. Rxd7 Qa3 25. Qc5 Qb2 26. Rxa7 h5
27. Ra8 Rxa8 28. Bxa8 Qxa2 29. Qc8+ Kh7 30. Qc2+ 1-0

[Event "XI Corsicoscacchi FIDE"]
[Site "Corsico ITA"]
[Date "1996.04.??"]
[Round "2"]
[White "Sbarra, Marco"]
[Black "Cazzaniga, Walter"]
[Result "1/2-1/2"]
[WhiteElo "2280"]
[BlackElo "2190"]
[PlyCount "112"]
[EventDate "1996.04.24"]

1. d4 f5 2. g3 Nf6 3. Bg2 g6 4. b3 Bg7 5. Bb2 O-O 6. Nd2 c6 7. Ngf3 d6 8. O-O
Na6 9. c4 Qe8 10. Qc2 h6 11. e4 fxe4 12. Nxe4 Nxe4 13. Qxe4 Bf5 14. Qe2 g5 15.
Rfe1 Qg6 16. Qd2 Rf7 17. Re3 Raf8 18. Rf1 Qh5 19. Ne1 Bh3 20. Nd3 Bxg2 21. Kxg2
Qg4 22. Qe2 Qxe2 23. Rxe2 Nc7 24. f4 gxf4 25. Rxf4 e6 26. Rxf7 Kxf7 27. Re4 b6
28. Bc1 Rh8 29. Rh4 a5 30. Be3 b5 31. Bd2 a4 32. Ba5 axb3 33. axb3 bxc4 34.
bxc4 Rc8 35. Kf3 Na6 36. Bd2 Rh8 37. Bf4 Ke7 38. Ke3 c5 39. dxc5 e5 40. cxd6+
Kxd6 41. Nxe5 Bxe5 42. Rxh6+ Rxh6 43. Bxh6 Kc5 44. Bf4 Bd4+ 45. Ke4 Kxc4 46. h4
Nc5+ 47. Kf5 Kd5 48. h5 Ne6 49. Bd2 Ng7+ 50. Kg6 Ke6 51. g4 Ne8 52. Bh6 Bc3 53.
g5 Ke7 54. Kh7 Bd4 55. Kg8 Ke6 56. Kf8 Kf5 1/2-1/2

[Event "XI Corsicoscacchi FIDE"]
[Site "Corsico ITA"]
[Date "1996.04.??"]
[Round "2"]
[White "Tencati, Giuseppe"]
[Black "Spinelli, Doriano"]
[Result "0-1"]
[WhiteElo "2080"]
[BlackElo "2170"]
[PlyCount "70"]
[EventDate "1996.04.24"]

1. Nf3 d5 2. d4 Bf5 3. c4 e6 4. Nc3 c6 5. Bf4 Bd6 6. Bxd6 Qxd6 7. e3 Nd7 8.
cxd5 exd5 9. Be2 h6 10. Rc1 Ngf6 11. O-O O-O 12. a3 Rfe8 13. Na4 Ne4 14. Nd2 b6
15. Nxe4 Bxe4 16. Nc3 Bf5 17. Bf3 Nf6 18. b4 Bd7 19. Qb3 Bg4 20. Qd1 Bd7 21. g3
a5 22. Qb3 axb4 23. axb4 Ra7 24. b5 Ra3 25. Qb2 cxb5 26. Nxd5 Nxd5 27. Bxd5
Qxd5 28. Qxa3 Qf3 29. Qd6 Bh3 30. Qc6 Re4 31. Qc8+ Bxc8 32. Rxc8+ Kh7 33. Rb1
Rxe3 34. fxe3 Qxe3+ 35. Kf1 Qd3+ 0-1

[Event "XI Corsicoscacchi FIDE"]
[Site "Corsico ITA"]
[Date "1996.04.??"]
[Round "2"]
[White "Vicari, Luigi"]
[Black "Natalucci, Fabrizio"]
[Result "1/2-1/2"]
[WhiteElo "2155"]
[BlackElo "2220"]
[PlyCount "33"]
[EventDate "1996.04.24"]

1. e4 Nf6 2. e5 Nd5 3. g3 d6 4. exd6 cxd6 5. Bg2 Nb6 6. Nc3 g6 7. b3 Bg7 8. Bb2
O-O 9. Nge2 Nc6 10. O-O Bf5 11. d3 Rc8 12. Qd2 Nd4 13. Nxd4 Bxd4 14. Nd1 Bxb2
15. Nxb2 Qd7 16. Rfe1 Rc7 17. Nd1 1/2-1/2